25 Ciudades más grandes de Estados Unidos - Estadísticas

Estadísticas generales
  • Esta prueba ha sido intentada 152 veces
  • La puntuación promedio es 16 de 25
Respuestas en el mapa
Las respuestas están codificadas por una escala verde-roja en el mapa de la prueba según el % correcto abajo.
 
Estadísticas de respuestas
Estado Ciudad Población % Correcto
California Los Ángeles 3,9 million
98%
Nueva York Nueva York 8,5 million
96%
California San Francisco 830 mil
90%
Illinois Chicago 2,7 million
87%
Nevada Las Vegas 680 mil
84%
Texas Houston 2,4 million
83%
Massachusetts Boston 670 mil
82%
Texas Dallas 1,3 million
80%
Washington Seattle 780 mil
80%
California San Diego 1,4 million
79%
Michigan Détroit 645 mil
75%
Colorado Dénver 730 mil
68%
Arizona Phoenix 1,7 million
68%
Texas San Antonio 1,5 million
64%
Texas Austin 990 mil
61%
Oklahoma Oklahoma City 710 mil
60%
Pensilvania Filadelfia 1,6 million
58%
Indiana Indianápolis 890 mil
57%
Texas El Paso 680 mil
56%
Florida Jacksonville 1 million
44%
Carolina del Norte Charlotte 940 mil
39%
California San José 1 million
37%
Texas Fort Worth 1 million
32%
Tennessee Nashville 700 mil
32%
Ohio Columbus 930 mil
31%
No se encontraron pruebas coincidentes
Distribución de puntuación
Porcentaje de gente con cada puntuación
Porcentaje por número respondido
Historial de tus puntuaciones
No has intentado esta prueba.